000 01132nam a22003137a 4500
001 178
003 FISKH
005 20230302084228.0
008 230302b cb ||||| |||| 00| 0 eng d
035 _a(DLC) 99042523
040 _aDLC
_cDLC
_dDLC
_dFISKH
_beng
050 0 0 _aQL706.2
_b.W65 2000
082 0 0 _a599
_221
100 1 _aWoods, Samuel G.
245 1 4 _aThe amazing book of mammal records :
_bthe largest, the smallest, the fastest, and many more! /
_cby Samuel G. Woods ; illustrations by Jeff Cline.
250 _a1st ed.
260 _aNew York
_bScholastic
_c2000
300 _a32 p. :
_bcol. ill. ;
_c23 cm.
504 _aIncludes bibliographical references (p. 32).
520 _aIntroduces, in question and answer format, such record-breaking mammals as the cheetah, blue whale, koala, giraffe, and water buffalo.
521 8 _a880
_bLexile
521 8 _aX
_bRaz-Plus
650 0 _aMammals
_vMiscellanea
_vJuvenile literature.
650 1 _aMammals
_vMiscellanea.
650 1 _aQuestions and answers.
700 1 _aCline, Jeff,
_eill.
906 _a7
_bcbc
_corignew
_d1
_eocip
_f19
_gy-gencatlg
942 _2lcc
_cBK
_n0
999 _c178
_d178